Schweitzer hero of Africa (Record no. 416037)

000 -LEADER
fixed length control field 00292cam a22001097a 4500
008 - FIXED-LENGTH DATA ELEMENTS--GENERAL INFORMATION
fixed length control field 180718b1958 xxu||||| |||| 00| 0 eng d
082 ## - DEWEY DECIMAL CLASSIFICATION NUMBER
Classification number A99 Sch97/P292
100 ## - MAIN ENTRY--PERSONAL NAME
Personal name Payne, Robert
245 ## - TITLE STATEMENT
Title Schweitzer hero of Africa
Statement of responsibility, etc. by Robert Payne
260 ## - PUBLICATION, DISTRIBUTION, ETC.
Place of publication, distribution, etc. London
Name of publisher, distributor, etc. Robert Hale
Date of publication, distribution, etc. 1958
300 ## - PHYSICAL DESCRIPTION
Extent 199p
Holdings
Withdrawn status Lost status Damaged status Not for loan Permanent Location Current Location Date acquired Full call number Barcode Date last seen Price effective from Koha item type
        Indian Institute of Public Administration Indian Institute of Public Administration 2009-03-09 A99 Sch97/P292 11458 2018-07-21 2018-07-21 Book

Powered by Koha